Detekcia nedôveryhodných informácií na internete

Salvato in:
Dettagli Bibliografici
Autore principale: Kaštiak, Richard (Autore)
Altri autori: Farkaš, Michal (Relatore della tesi)
Natura: Manoscritto Libro
Lingua:slovacco
Pubblicazione: 2020
Soggetti:
Accesso online:http://is.stuba.sk/zp/portal_zp.pl?podrobnosti=142036
Tags: Aggiungi Tag
Nessun Tag, puoi essere il primo ad aggiungerne!!

MARC

LEADER 00000ntm a22000003a 4500
001 stuzp80557
003 SK-STU
005 20200620211802.2
007 ta
008 150427s2015----xo-----f-mn---000-0-slo-d
040 |a STU  |b slo 
041 0 |a slo 
100 1 |a Kaštiak, Richard  |u 070200  |4 aut  |U FIIT Fakulta informatiky a informačných technológií  |T FIIT Ústav informatiky, informačných systémov a softvérového inžinierstva  |X 92047  |U I200  |Y 179  |7 92047 
242 0 1 |a Detection of untrusted information on the internet  |y eng 
245 1 0 |a Detekcia nedôveryhodných informácií na internete 
260 |c 2020 
650 4 |a rekurentné neurónové siete  |2 slo 
650 4 |a spracovanie prirodzeného jazyka  |2 slo 
650 4 |a nenávistný prejav  |2 slo 
650 4 |a neurónové siete  |2 slo 
650 4 |a recurrent neural networks  |2 eng 
650 4 |a natural language processing  |2 eng 
650 4 |a hate speech  |2 eng 
650 4 |a neural networks  |2 eng 
700 1 |a Farkaš, Michal  |u 070200  |k Z3  |4 ths  |U FIIT Fakulta informatiky a informačných technológií  |T FIIT Ústav informatiky, informačných systémov a softvérového inžinierstva  |X 52003  |U I200  |Y 179  |7 52003 
856 4 |u http://is.stuba.sk/zp/portal_zp.pl?podrobnosti=142036